000 00295nam a22001337a 4500
008 181011b xxu||||| |||| 00| 0 eng d
020 _a9780065009767
041 _aeng
080 _a574
100 _a10
101 _aMJE
245 _aEcology and Field Biology
_cSmith, R.L
942 _2udc
_cBK
999 _c49357
_d49357